[Event "Canadian Open"]
[Site "Ottawa CAN"]
[Date "2007.07.14"]
[Round "9"]
[White "Atalik,S"]
[Black "Milov,V"]
[Result "0-1"]
[WhiteElo "2564"]
[BlackElo "2675"]

1.d4 g6 2.c4 Bg7 3.e4 d6 4.Nc3 Nf6 5.Bd3 Nc6 6.Nge2 O-O 7.O-O Nh5 8.Bc2 e5
9.d5 Ne7 10.a4 c5 11.f4 exf4 12.Nxf4 Nf6 13.Nd3 Ng4 14.h3 Bd4+ 15.Kh1 Ne3
16.Bxe3 Bxe3 17.Qf3 Bh6 18.Qg3 f5 19.e5 dxe5 20.Qxe5 Bg7 21.Qe2 b6 22.Rae1 Bf6
23.Nf4 Kh8 24.Rf3 Bd7 25.Re3 Nc8 26.Ne6 Bxe6 27.dxe6 Ne7 28.Rd3 Qb8 29.Rd7 Qg3
30.Nd5 Rae8 31.Qd1 Nxd5 32.cxd5 Re7 33.Rxe7 Bxe7 34.Qd2 Rd8 35.Re3 Qf4 36.g3 Qf1+
37.Kh2 f4 38.gxf4 Qxf4+ 39.Kg2 Rxd5 40.Qxd5 Qxe3 41.Qd7 Qe2+ 42.Kg3 Qe3+
43.Kg2 Qg5+ 44.Kf3 Kg7 45.Qxa7 Qf6+ 46.Ke2 Qxe6+ 47.Kd1 Kh6 48.Qc7 Qd5+ 49.Ke2 Bg5  0-1

[Event "Canadian Open"]
[Site "Ottawa CAN"]
[Date "2007.07.15"]
[Round "10"]
[White "Milov,V"]
[Black "Bu Xiangzhi"]
[Result "0-1"]
[WhiteElo "2675"]
[BlackElo "2685"]

1.d4 d5 2.c4 c6 3.Nf3 Nf6 4.e3 Bf5 5.Nc3 e6 6.Nh4 Be4 7.f3 Bg6 8.Qb3 Qc7
9.Bd2 Be7 10.cxd5 cxd5 11.Nxg6 hxg6 12.O-O-O Nc6 13.Kb1 a6 14.Rc1 Nd7 15.h4 Rc8
16.g4 Rxh4 17.Rxh4 Bxh4 18.f4 Bf6 19.f5 Na5 20.Qc2 gxf5 21.gxf5 Nc4 22.Bxc4 Qxc4
23.fxe6 fxe6 24.b3 Qb4 25.Qh7 Rc6 26.Qh5+ Kd8 27.Be1 Nb6 28.Qh2 Na4 29.Qb8+ Kd7
30.Nxa4 Rxc1+ 31.Kxc1 Qxe1+ 32.Kc2 Qe2+ 33.Kb1 Qd3+ 34.Kb2 Qb5 35.Qf8 Be7
36.Qxg7 Qe2+ 37.Kb1 Qd3+ 38.Kb2 Qxe3 39.Nc5+ Kc6 40.Nxb7 Qf2+ 41.Kb1 Qf5+
42.Kb2 Qf6 43.Na5+ Kb5  0-1

[Event "XXII Rapid"]
[Site "Villarrobledo ESP"]
[Date "2007.08.04"]
[Round "3"]
[White "Milov,V"]
[Black "Cabrera,Al"]
[Result "1/2-1/2"]
[WhiteElo "2678"]
[BlackElo "2514"]

1.d4 e6 2.c4 f5 3.Nc3 Nf6 4.e3 b6 5.Bd3 Bb7 6.f3 Bb4 7.Ne2 O-O 8.O-O Nc6
9.a3 Bxc3 10.Nxc3 Ne7 11.b4 d6 12.Bb2 Qd7 13.Qc2 a6 14.e4 fxe4 15.fxe4 e5
16.dxe5 Ng4 17.c5 Nxe5 18.cxb6 cxb6 19.Be2 Qe6 20.Qd2 Rad8 21.Qd4 b5 22.Rad1 Rxf1+
23.Rxf1 h6 24.h3 Kh7 25.Qf2 Ng8 26.Nd5 Bxd5 27.exd5 Qxd5 28.Rd1 Qe4 29.Bf1 Nf6
30.Re1 Qg6 31.Bxe5 dxe5 32.Rxe5 Re8 33.Qf4 Nh5 34.Qf3 Qb6+ 35.Rc5 Nf6 36.Qc6 Qd8
37.Rf5 Qd4+ 38.Kh2 Re5 39.Qc2 Rxf5 40.Qxf5+ Kg8 41.Qd3 Qe5+ 42.Qg3 Qd4 43.Bd3 Qb6
44.Bf5 Kf8 45.Qe5 Qc6 46.Qb8+ Ne8 47.Qf4 Qd6 48.Kg3 Ke7 49.Bc8 Qd3+ 50.Kh2 Nf6
51.Bxa6 Qxa3 52.Bxb5 Qc3 53.Be2 g5 54.Qb8 Nd5 55.Bf3 Nxb4 56.Qb7+ Kf6 57.Qb6+ Ke5
58.Qxh6 Qe3 59.Qg7+ Ke6 60.Qf7+ Kd6 61.Qf6+ Kc5 62.Bg4 Nd3 63.Qf5+ Kb4 64.Bf3 Nf4
65.Qe4+ Qxe4 66.Bxe4 Kc5 67.Bf3 Kd4 68.h4 Ne6 69.h5 Ng7 70.h6 Ne6  1/2-1/2

[Event "CECLUB Finals"]
[Site "Calvia ESP"]
[Date "2007.10.21"]
[Round "2"]
[White "Grischuk,A"]
[Black "Milov,V"]
[Result "1/2-1/2"]
[WhiteElo "2715"]
[BlackElo "2680"]

1.e4 e5 2.Nf3 Nc6 3.d4 exd4 4.Nxd4 Bc5 5.Be3 Qf6 6.c3 Nge7 7.Bc4 b6 8.f4 Bb7
9.Qd2 Qg6 10.Bd3 O-O-O 11.O-O Bxd4 12.cxd4 f5 13.d5 fxe4 14.f5 Qf6 15.Bxe4 Ne5
16.Bg5 Qd6 17.Nc3 Rde8 18.a4 a6 19.Rad1 Ng8 20.Bb1 Nf6 21.Qd4 Neg4  1/2-1/2

[Event "ch-Euro Blitz"]
[Site "Ajaccio FRA"]
[Date "2007.10.25"]
[Round "1"]
[White "Gauthier,L"]
[Black "Milov,V"]
[Result "0-1"]
[WhiteElo "1870"]
[BlackElo "2676"]

1.h3 e5 2.e3 Nc6 3.Nf3 d5 4.a3 Nf6 5.Ra2 e4 6.a4 exf3 7.gxf3 d4 8.exd4 Nxd4
9.Rh2 Bd6 10.Rg2 Qe7+ 11.Qe2 Nxe2 12.Bxe2 Nd5 13.Ra3 Nf4 14.h4 Qxe2+  0-1

[Event "ch-Euro Blitz"]
[Site "Ajaccio FRA"]
[Date "2007.10.25"]
[Round "5"]
[White "Leburgue,S"]
[Black "Milov,V"]
[Result "0-1"]
[WhiteElo "2234"]
[BlackElo "2676"]

1.e4 c5 2.Nf3 e6 3.d4 cxd4 4.Nxd4 a6 5.Bd3 Ne7 6.O-O Nbc6 7.Nb3 g6 8.Bd2 Bg7
9.Bc3 e5 10.Bd2 d5 11.exd5 Nxd5 12.Qe2 O-O 13.Nc3 Ndb4 14.Be4 f5 15.Bxc6 Nxc6
16.Rad1 Nd4 17.Nxd4 exd4 18.Qc4+ Kh8 19.Ne2 b5 20.Qc6 Ra7 21.Bb4 Rg8 22.Nxd4 Rc7
23.Qb6 Rc4 24.Qxd8 Rxd8 25.Nc6 Re8 26.c3 Rxc6 27.Rd2 Bf6 28.Rfd1 Kg7 29.g3 Be6
30.a3 Kf7 31.Rd6 Rxd6 32.Rxd6 Bc8  0-1

[Event "ch-Euro Blitz"]
[Site "Ajaccio FRA"]
[Date "2007.10.25"]
[Round "6"]
[White "Milov,V"]
[Black "Leburgue,S"]
[Result "1-0"]
[WhiteElo "2676"]
[BlackElo "2234"]

1.d4 d5 2.c4 c6 3.Nc3 dxc4 4.e4 b5 5.a4 b4 6.Nb1 Nf6 7.e5 Nd5 8.Bxc4 e6 9.Nf3 a5
10.O-O h6 11.Nbd2 c5 12.Ne4 Na6 13.Qc2 Bb7 14.Bb5+ Ke7 15.Nd6 Qb6 16.Qe4 cxd4
17.Nxd4 Nc5 18.Qh4+ f6 19.Qh5 Kd8 20.Nxb7+ Qxb7 21.Qd1  1-0

[Event "ch-Euro Blitz"]
[Site "Ajaccio FRA"]
[Date "2007.10.25"]
[Round "7"]
[White "Mchedlishvili,M"]
[Black "Milov,V"]
[Result "0-1"]
[WhiteElo "2631"]
[BlackElo "2676"]

1.d4 g6 2.c4 Bg7 3.e4 c5 4.d5 d6 5.Nc3 e6 6.Bd3 Ne7 7.Nf3 a6 8.a4 h6 9.h3 g5
10.Ne2 exd5 11.cxd5 Ng6 12.Ng3 O-O 13.O-O Nd7 14.Nf5 Nde5 15.Nxg7 Nxf3+ 16.Qxf3 Kxg7
17.Bc2 Ne5 18.Qc3 f6 19.b4 c4 20.Be3 Bd7 21.Bd4 b5 22.axb5 axb5 23.Rxa8 Qxa8
24.Ra1 Qd8 25.Ra7 Rf7 26.Qa3 Be8 27.Ra8 Qe7 28.Qa6 Bd7 29.Ra7 Qf8 30.Bd1 Be8
31.Ra8 Kg6 32.g3 h5 33.Qc8 Re7 34.Qf5+ Kh6 35.f4 gxf4 36.gxf4 Qg7+ 37.Kh2 Bg6
38.Qc8 Bxe4 39.Qh8+ Qxh8 40.Rxh8+ Kg7 41.fxe5 fxe5 42.Bxe5+ Rxe5 43.Rxh5 Rxh5
44.Bxh5 c3  0-1

[Event "ch-Euro Blitz"]
[Site "Ajaccio FRA"]
[Date "2007.10.25"]
[Round "8"]
[White "Milov,V"]
[Black "Mchedlishvili,M"]
[Result "1-0"]
[WhiteElo "2676"]
[BlackElo "2631"]

1.d4 d5 2.c4 c6 3.Nc3 Nf6 4.e3 a6 5.Nf3 g6 6.Be2 Bg7 7.O-O O-O 8.h3 e6 9.b4 Nbd7
10.a4 Re8 11.Qb3 b6 12.Bb2 Bb7 13.Rfd1 Rb8 14.Qc2 Rc8 15.c5 b5 16.Bd3 Ra8
17.e4 dxe4 18.Nxe4 Nxe4 19.Bxe4 Nf6 20.Ne5 Nd5 21.Qb3 Qh4 22.Bf3 Red8 23.Re1 Qf4
24.Rad1 Rac8 25.Bc1 Qh4 26.g3 Qe7 27.h4 bxa4 28.Qxa4 Nc3 29.Qc2 Nxd1 30.Rxd1 Bxe5
31.dxe5 Rxd1+ 32.Qxd1 Rd8 33.Qc2 Rd4 34.Be3 Rxb4 35.Qd2 Rb1+ 36.Kg2 a5 37.Qa2 Rb5
38.Qa3 Qc7 39.Qc3 a4 40.Qd4 Ra5 41.Bg5 a3 42.Bd8 Ra4 43.Qd1 Qb8 44.Qxa4 Qxd8
45.Qxa3 Qc7 46.Qb4 Kf8 47.Qd4 Kg8 48.h5 Kg7 49.Qf4 h6 50.hxg6 Bc8  1-0

[Event "ch-Euro Blitz"]
[Site "Ajaccio FRA"]
[Date "2007.10.25"]
[Round "11"]
[White "Paci,C"]
[Black "Milov,V"]
[Result "0-1"]
[WhiteElo "2301"]
[BlackElo "2676"]

1.Nf3 g6 2.c4 Bg7 3.d4 c5 4.g3 cxd4 5.Nxd4 Nc6 6.Nc2 Ne5 7.Ne3 Nf6 8.Bg2 d6
9.O-O O-O 10.Nc3 Be6 11.Ncd5 Rc8 12.b3 Nxd5 13.cxd5 Bd7 14.Rb1 Qa5 15.Qd2 Qa6
16.h3 Bb5 17.Re1 Qb6 18.a4 Ba6 19.Bb2 Rc7 20.Ba1 Rfc8 21.Kh2 h5 22.f4 Nd7
23.Bxg7 Kxg7 24.a5 Qb5 25.Nc4 Kg8 26.e4 Nc5 27.Bf1 Qd7 28.Ne3 Nxe4 29.Qd4 Nc3
30.Rbc1 Bxf1 31.Rxf1 Ne2 32.Rxc7 Qxc7 33.Qd3 Nc1 34.Qe4 Nxb3 35.f5 Nd2 36.Qf4 Nc4
37.Rh1  0-1

[Event "ch-Euro Blitz"]
[Site "Ajaccio FRA"]
[Date "2007.10.25"]
[Round "12"]
[White "Milov,V"]
[Black "Paci,C"]
[Result "1-0"]
[WhiteElo "2676"]
[BlackElo "2301"]

1.d4 e6 2.c4 f5 3.g3 Nf6 4.Bg2 Be7 5.Nf3 O-O 6.O-O d6 7.b4 Ne4 8.Bb2 a5 9.b5 a4
10.a3 Bf6 11.Nc3 Nxc3 12.Bxc3 Qe8 13.Qd3 Nd7 14.Nd2 e5 15.dxe5 Nxe5 16.Qc2 c6
17.Rab1 Be6 18.e4 Qh5 19.bxc6 bxc6 20.c5 fxe4 21.Bxe5 Bxe5 22.cxd6 Bd5 23.Nxe4 Qg6
24.Rbd1 Bxd6  1-0

[Event "ch-Euro Blitz"]
[Site "Ajaccio FRA"]
[Date "2007.10.25"]
[Round "13"]
[White "Mikhalevski,V"]
[Black "Milov,V"]
[Result "0-1"]
[WhiteElo "2584"]
[BlackElo "2676"]

1.d4 g6 2.c4 Bg7 3.e4 c5 4.d5 d6 5.Bd3 e6 6.Nc3 Ne7 7.Nf3 exd5 8.cxd5 a6
9.a4 h6 10.O-O g5 11.Nd2 Nd7 12.Nc4 Ne5 13.f4 gxf4 14.Bxf4 N7g6 15.Bg3 h5
16.h3 Nxc4 17.Bxc4 Ne5 18.Be2 Qg5 19.Bf4 Qg6 20.Kh1 Bd7 21.a5 Bf6 22.Rf2 Qg7
23.Na4 Bh4 24.Rf1 Rg8 25.Bf3 Bg3 26.Be3 Ng4 27.Bg1 Bb5 28.Nb6 Rd8 29.Be2 Ne5
30.Bxb5+ axb5 31.Qxh5 Bh2 32.g4 Bxg1 33.Kxg1 Rh8 34.Qf5 Rxh3 35.Rf2 Rg3+
36.Rg2 Nf3+ 37.Kf2 Rxg2+ 38.Kxf3 Qxb2 39.Kf4 Ra8 40.Kf3  0-1

[Event "ch-Euro Blitz"]
[Site "Ajaccio FRA"]
[Date "2007.10.25"]
[Round "15"]
[White "Bacrot,E"]
[Black "Milov,V"]
[Result "1-0"]
[WhiteElo "2695"]
[BlackElo "2676"]

1.d4 Nf6 2.c4 e6 3.Nf3 d5 4.g3 a6 5.Qc2 dxc4 6.Qxc4 b5 7.Qc2 Bb7 8.Bg2 Nbd7
9.O-O c5 10.a4 cxd4 11.Nxd4 Rc8 12.Qd1 Bxg2 13.Kxg2 Qb6 14.axb5 axb5 15.Nc3 b4
16.Na4 Qb7+ 17.Nf3 Be7 18.Be3 O-O 19.Qb3 Nd5 20.Rfd1 N7f6 21.Bd4 h6 22.Nc3 Ra8
23.Nxd5 Nxd5 24.Qd3 Rfc8 25.Rxa8 Qxa8 26.Kg1 Qc6 27.Qe4 Qc2 28.Qxc2 Rxc2
29.Rd2 Rc1+ 30.Kg2 f6 31.e4 Nc7 32.Be3 Nb5 33.Rd7 Rc7 34.Rxc7 Nxc7 35.Kf1 Na6
36.Nd4 Kf7 37.Nc6 Bd6 38.Ke2 Ke8 39.Nd4 Kd7 40.Nb3 Kc6 41.Kd3 Be5 42.Na5+ Kb5
43.Nc4 Bc7 44.Nd2 Nb8 45.Nf3 Nc6 46.Nd4+ Nxd4 47.Bxd4 Bd6 48.b3 Be7 49.f3 Bd6
50.Be3 Be5 51.Bf2 Bd6 52.h3 Be7 53.g4 Bd6 54.Be3 Be7 55.Bd4 Bd6 56.Bb2 Be7
57.Bd4 Bd6 58.Bb2 Be7 59.f4 Bc5 60.e5 f5 61.gxf5 exf5 62.e6 g5 63.Bf6 Kc6
64.fxg5 hxg5 65.Bxg5 Kd6 66.Be3 Kd5  1-0

[Event "ch-Euro Blitz"]
[Site "Ajaccio FRA"]
[Date "2007.10.25"]
[Round "16"]
[White "Milov,V"]
[Black "Bacrot,E"]
[Result "1/2-1/2"]
[WhiteElo "2676"]
[BlackElo "2695"]

1.c4 e5 2.Nc3 Nc6 3.g3 g6 4.Bg2 Bg7 5.e3 f5 6.Nge2 Nf6 7.Rb1 O-O 8.b4 Kh8
9.d3 Ne7 10.O-O c6 11.e4 d5 12.exd5 cxd5 13.Bg5 d4 14.Nd5 Nfxd5 15.Bxd5 h6
16.Bxe7 Qxe7 17.Bg2 Be6 18.a4 Rad8 19.b5 b6 20.a5 e4 21.axb6 axb6 22.Nf4 Bf7
23.Re1 g5 24.Nd5 Bxd5 25.cxd5 e3 26.Rc1 f4 27.gxf4 Rxf4 28.fxe3 dxe3 29.Rc6 Qb4
30.Kh1 Qd4 31.Rc4 Qe5 32.Re4 Rxe4 33.Bxe4 Rf8 34.Rf1 Rf4 35.Qe2 Qb2 36.Qxb2 Rxf1+
37.Kg2 Bxb2 38.Kxf1 Be5 39.h3 Kg7 40.Ke2 Bf4 41.d6 Bxd6 42.Kxe3  1/2-1/2

[Event "ch-Euro Blitz"]
[Site "Ajaccio FRA"]
[Date "2007.10.25"]
[Round "17"]
[White "Massoni,M"]
[Black "Milov,V"]
[Result "0-1"]
[WhiteElo "2153"]
[BlackElo "2676"]

1.d4 Nf6 2.e3 c5 3.c3 b6 4.f4 Bb7 5.Nf3 d6 6.Bd3 Nbd7 7.O-O g6 8.Nbd2 Bg7
9.Qe1 O-O 10.Kh1 e5 11.e4 exd4 12.cxd4 Re8 13.e5 cxd4 14.Qg3 Nh5 15.Qg4 dxe5
16.fxe5 Nxe5 17.Nxe5 Rxe5 18.Nf3 Bc8 19.Qxd4 Qxd4 20.Nxd4 Bb7 21.Nf3 Ree8
22.Rb1 Rad8 23.Bb5 Re7 24.Bg5 Bf6 25.Bxf6 Nxf6 26.Bc4 Kg7 27.Kg1 Ng4 28.Bb3 h6
29.Rbc1 Ne3 30.Rf2 Bd5 31.Rd2 Rdd7 32.Ba4 Rd6 33.Re1 Kf8 34.h3 Nc4 35.Rxe7 Kxe7
36.Re2+ Kf8 37.Bb3 Na5 38.Bxd5 Rxd5 39.Rc2 Rd7 40.Kf2 Re7 41.Kg3 Nb7 42.h4 Nc5
43.b4 Nd3 44.a3 Kg7 45.Nd4 Re3+ 46.Kh2 Ne5 47.Re2 Ng4+ 48.Kg1 Rxa3 49.Nf3 Rb3
50.Re4 Rb1+ 51.Ne1 Nf6 52.Re2 Rxb4 53.g3 a5 54.Kf2 a4 55.Nd3 Rd4 56.Nc1 b5
57.Rb2 b4 58.Ke3 Rg4 59.Kf3 Rc4 60.Na2 Ng8  0-1

[Event "ch-Euro Blitz"]
[Site "Ajaccio FRA"]
[Date "2007.10.25"]
[Round "18"]
[White "Milov,V"]
[Black "Massoni,M"]
[Result "1-0"]
[WhiteElo "2676"]
[BlackElo "2153"]

1.d4 Nf6 2.c4 g6 3.Nc3 d5 4.cxd5 Nxd5 5.e4 Nxc3 6.bxc3 Bg7 7.Bc4 c5 8.Ne2 Nc6
9.Be3 cxd4 10.cxd4 b5 11.Bd5 Bd7 12.O-O O-O 13.Rc1 Rc8 14.Qd2 e6 15.Bb3 Na5
16.Bh6 Nc4 17.Bxc4 bxc4 18.Bxg7 Kxg7 19.Nc3 Qa5 20.d5 Rfd8 21.Qd4+ Kg8 22.Rb1 exd5
23.Nxd5 Be6 24.Ne7+ Kf8 25.Qf6 Rc5 26.Rb7 Rd7 27.Nf5 Qd8 28.Ra1  1-0

[Event "ch-Euro Blitz"]
[Site "Ajaccio FRA"]
[Date "2007.10.25"]
[Round "21"]
[White "Milov,V"]
[Black "Tkachiev,V"]
[Result "1-0"]
[WhiteElo "2676"]
[BlackElo "2661"]

1.d4 d5 2.c4 e6 3.Nf3 c6 4.Bg5 Be7 5.Bxe7 Qxe7 6.e3 Nf6 7.Nbd2 O-O 8.Qc2 b6
9.Bd3 Bb7 10.O-O Na6 11.a3 dxc4 12.Bxc4 c5 13.Qa4 Nc7 14.Rac1 a6 15.Be2 b5
16.Qc2 c4 17.b3 Qxa3 18.bxc4 Qe7 19.Ne5 Rfc8 20.Qb2 Ne4 21.Nb3 bxc4 22.Na5 Nb5
23.Bxc4 Ned6 24.Nxb7 Nxc4 25.Nxc4 Qxb7 26.h3 h6 27.Ne5 Rxc1 28.Rxc1 Rc8 29.Ra1 Rc3
30.Qb4 Rc7 31.Qa5 f6 32.Nf3 Rc6 33.Qd8+ Kh7 34.Nd2 Rc8 35.Qa5 Rc2 36.Nf3 Nc7
37.Qa3 Qc6 38.Qd3+ Kg8 39.Rb1 Rc1+ 40.Rxc1 Qxc1+ 41.Kh2 Qc6 42.e4 a5 43.Nd2 a4
44.Nc4 Qb5 45.Qc3 Qb3 46.Qc1 Nb5 47.d5 exd5 48.exd5 Qc3 49.Qf4 Qb4 50.Qe4 Qf8
51.Qe6+ Qf7 52.Qc8+ Kh7 53.d6 Nd4 54.d7 Ne6 55.Qe8 Qg8 56.Na3 Nd8 57.Nb5 f5
58.Qe7 Nf7 59.Nd6 Qb8 60.Qxf7 Qxd6+ 61.g3 Qc5 62.Kg2 Qc6+ 63.Kg1 Qc1+ 64.Kh2 Qc5
65.Kg2 Qc6+ 66.Kf1 Qc1+ 67.Ke2 Qc2+ 68.Ke3 Qe4+ 69.Kd2 Qd4+ 70.Kc2 Qxf2+
71.Kc3 Qxg3+ 72.Kd4 Qd6+ 73.Kc4 a3 74.Qxf5+ Kg8 75.Qd5+  1-0

[Event "ch-Euro Blitz"]
[Site "Ajaccio FRA"]
[Date "2007.10.25"]
[Round "22"]
[White "Tkachiev,V"]
[Black "Milov,V"]
[Result "1-0"]
[WhiteElo "2661"]
[BlackElo "2676"]

1.c4 c5 2.Nf3 Nc6 3.d4 cxd4 4.Nxd4 e5 5.Nb5 d6 6.g3 f5 7.Bg2 Nf6 8.O-O Be7
9.b3 a6 10.N5c3 O-O 11.Ba3 Kh8 12.Nd2 Be6 13.Nd5 Bxd5 14.cxd5 Nd4 15.Bb2 Nb5
16.a4 Nc7 17.Nc4 e4 18.Ne3 Nd7 19.Bh3 Bf6 20.Bxf6 Qxf6 21.Bxf5 Qe7 22.Rc1 Ne8
23.b4 a5 24.Qd4 axb4 25.Qxb4 Nc5 26.Be6 Nc7 27.Nf5 Rxf5 28.Bxf5 Qe5 29.Be6 h6
30.Qb6 Ne8 31.Rxc5 dxc5 32.Qxb7 Rd8 33.a5 e3 34.f4 Qh5 35.Qe7 Rb8 36.Qf8+  1-0

[Event "ch-Euro Blitz"]
[Site "Ajaccio FRA"]
[Date "2007.10.26"]
[Round "24"]
[White "Karpov,Ana"]
[Black "Milov,V"]
[Result "1-0"]
[WhiteElo "2670"]
[BlackElo "2676"]

1.d4 d5 2.c4 c6 3.Nf3 Nf6 4.e3 a6 5.Nc3 b5 6.b3 Bf5 7.Be2 e6 8.O-O Nbd7 9.Bd2 Be7
10.Nh4 Bg6 11.Rc1 O-O 12.Nxg6 hxg6 13.cxd5 cxd5 14.a4 b4 15.Na2 a5 16.Rc6 Ne4
17.f3 Nd6 18.Qc2 Qb8 19.Rc1 Rc8 20.Rxc8+ Qxc8 21.Qc7 Bf8 22.Qxc8 Rxc8 23.Rxc8 Nxc8
24.Bb5 Ndb6 25.Nc1 Nd6 26.Ba6 Be7 27.Nd3 Bf6 28.Kf2 Kf8 29.Ke2 Ke7 30.Be1 Kd8
31.g4 Ne8 32.Nc5 Nc7 33.Bb7 Be7 34.Nd3 Bd6 35.h4 Ke7 36.e4 Kd8 37.Bf2 Nc8
38.Ne5 dxe4 39.Nxf7+ Ke7 40.fxe4 Kxf7 41.Bxc8 Bf4 42.Kd3 Ke7 43.Kc4 Ne8 44.e5 Nc7
45.Bb7 Kd7 46.Be4 Ke8  1-0

[Event "ch-Euro Blitz"]
[Site "Ajaccio FRA"]
[Date "2007.10.26"]
[Round "27"]
[White "Milov,V"]
[Black "Derieux,C"]
[Result "1-0"]
[WhiteElo "2676"]
[BlackElo "2165"]

1.d4 Nf6 2.c4 c5 3.d5 e6 4.Nc3 exd5 5.cxd5 d6 6.e4 g6 7.f4 Bg7 8.Bb5+ Nfd7
9.Nf3 O-O 10.O-O a6 11.Bd3 Nb6 12.f5 N8d7 13.Bg5 Qe8 14.Qe1 c4 15.Bc2 Nc5
16.Qh4 f6 17.Be3 Nbd7 18.Nd4 Ne5 19.Ne6 Bxe6 20.dxe6 Ncd3 21.Bd4 b5 22.Bxd3 Nxd3
23.Nd5 g5 24.Qg3 Ne5 25.Bxe5 dxe5 26.a4 Rb8 27.axb5 Qxb5 28.Qc3 Qc5+ 29.Kh1 Rb3
30.Qc2 Qd4 31.Rad1 Qxb2 32.Qxc4 Re8 33.e7 Kh8 34.Qc6 Rbb8 35.h3 Qa3 36.Qe6 Rb7
37.Rf3 Qc5 38.Rc3 Qf2 39.Rc8 Rb8 40.Rxb8 Qxf5 41.exf5 Bf8 42.Ra1  1-0

[Event "ch-Euro Blitz"]
[Site "Ajaccio FRA"]
[Date "2007.10.26"]
[Round "28"]
[White "Derieux,C"]
[Black "Milov,V"]
[Result "0-1"]
[WhiteElo "2165"]
[BlackElo "2676"]

1.d4 Nf6 2.c4 e6 3.Nc3 Bb4 4.a3 Bxc3+ 5.bxc3 c5 6.e3 Nc6 7.Bd3 O-O 8.Ne2 d6
9.O-O e5 10.e4 h6 11.f3 b6 12.Be3 Ba6 13.Ng3 cxd4 14.cxd4 exd4 15.Bf2 Ne5
16.Qe2 Rc8 17.Rac1 Qc7 18.Bxd4 Nfd7 19.Nf5 Nc5 20.f4 Ncxd3 21.fxe5 dxe5 22.Qxd3 exd4
23.Qxd4 Qc5 24.Qxc5 Rxc5 25.Nd6 Rd8 26.Rfd1 Kf8 27.Rd4 g6 28.Rcd1 Re5 29.Kf2 Rd7
30.Kf3 Rc7 31.Rd5 Rxd5 32.Ra1 Bc8  0-1

[Event "ch-Euro Blitz"]
[Site "Ajaccio FRA"]
[Date "2007.10.26"]
[Round "29"]
[White "Milov,V"]
[Black "Guliyev,N"]
[Result "0-1"]
[WhiteElo "2676"]
[BlackElo "2560"]

1.d4 d5 2.c4 dxc4 3.Nf3 Nf6 4.e3 e6 5.Bxc4 a6 6.a4 c5 7.O-O Nc6 8.Qe2 cxd4
9.Rd1 Be7 10.exd4 O-O 11.Nc3 Nb4 12.Ne5 Bd7 13.Bg5 Bc6 14.Rac1 Bd5 15.Nxd5 Nfxd5
16.Bd2 Rc8 17.Qf3 Qa5 18.b3 Rcd8 19.g3 Qb6 20.h4 Bf6 21.Bg5 h6 22.Bf4 Nxf4
23.Qxf4 Nd5 24.Qf3 Rd6 25.Bf1 Rfd8 26.Nc4 Qb4 27.Nxd6 Qxd6 28.Bg2 Qb6 29.Qd3 g6
30.Qc4 Kg7 31.h5 gxh5 32.Qe2 Nb4 33.Qxh5 Bxd4 34.Qg4+ Kf8 35.Qf3 Nc6 36.Kh2 Qa5
37.Qf4 Qh5+ 38.Kg1 Bxf2+ 39.Kxf2 Rxd1 40.Rxd1 Qxd1 41.Qxh6+ Ke7 42.Qe3 Qd4
43.Ke2 Qxe3+ 44.Kxe3 Kd6 45.g4 a5 46.g5 b6 47.Bf1 Ne5 48.Ke4 Nd7 49.Bc4 f5+
50.Kf4 Ke7 51.Bb5 Nf8 52.Bc4 Ng6+ 53.Ke3 e5 54.Bd5 Nf4 55.Bc4 Kf8 56.Bb5 Kg7
57.Be8 Nh3 58.Bd7 Kg6  0-1

[Event "ch-Euro Blitz"]
[Site "Ajaccio FRA"]
[Date "2007.10.26"]
[Round "32"]
[White "Landa,K"]
[Black "Milov,V"]
[Result "1-0"]
[WhiteElo "2678"]
[BlackElo "2676"]

1.e4 e5 2.Nf3 Nc6 3.Bc4 Nf6 4.d3 Be7 5.O-O O-O 6.Re1 d6 7.a4 Kh8 8.h3 Ng8
9.Nc3 f5 10.Nd5 fxe4 11.dxe4 Nf6 12.Ng5 Nxd5 13.Nxh7 Nf4 14.Nxf8 Qxf8 15.Bxf4 Qxf4
16.Qh5+ Qh6 17.Qe8+ Kh7 18.Bf1 Nb8  1-0

[Event "TCh-ISR"]
[Site "Israel ISR"]
[Date "2008.04.04"]
[Round "6"]
[White "Milov,V"]
[Black "Mikhalevski,V"]
[Result "1/2-1/2"]
[WhiteElo "2690"]
[BlackElo "2597"]

1.d4 Nf6 2.c4 g6 3.Nc3 d5 4.cxd5 Nxd5 5.e4 Nxc3 6.bxc3 Bg7 7.Bc4 c5 8.Ne2 O-O
9.d5 Nd7 10.Bf4 Nb6 11.Bb3 c4 12.Bc2 f5 13.O-O fxe4 14.Bxe4 Bf5 15.f3 Qd7
16.Qd2 e6 17.d6 Bxe4 18.fxe4 Qc6 19.e5 Nd7 20.Qe3 Qc5 21.Qxc5 Nxc5 22.Nd4 a6
23.Rab1 Rf7 24.Bg3 Rxf1+ 25.Rxf1 Rf8 26.Rd1 Kf7 27.Nf3 Ke8 28.Rd4 b5 29.d7+ Nxd7
30.Rd6 Nc5 31.Rc6 Ne4 32.Rxe6+ Kf7 33.Rxa6 Nxc3 34.Be1 Ne4 35.e6+ Kg8 36.Bb4 Rc8
37.Kf1 c3 38.Ne1 Bf8 39.e7 Bxe7 40.Bxe7 c2 41.Nxc2 Rxc2 42.h3 Nc3 43.a3 Nd5
44.Bg5 Ra2 45.Ra5 Nc3 46.Be7 Nd5 47.Bc5 Nf4 48.Rxb5 Ra1+ 49.Kf2 Nd3+ 50.Kg3  1/2-1/2

[Event "III President's Cup"]
[Site "Baku AZE"]
[Date "2008.05.12"]
[Round "1"]
[White "Milov,V"]
[Black "Djavadov,R"]
[Result "1-0"]
[WhiteElo "2690"]
[BlackElo "2138"]

1.d4 Nf6 2.c4 e6 3.Nc3 Bb4 4.e3 O-O 5.Bd3 d5 6.cxd5 exd5 7.Ne2 Re8 8.Bd2 c6
9.O-O Nbd7 10.f3 Nf8 11.Qc2 h5 12.a3 Ba5 13.Kh1 h4 14.h3 Ne6 15.f4 Nh5 16.Be1 Bc7
17.Rf3 Kh8 18.Bf2 g5 19.Qd2 Rg8 20.f5 Qd6 21.Bg1 Nf8 22.e4 dxe4 23.Nxe4 Qh6
24.Bc4 Qg7 25.Be3 Nh7 26.N2c3 Nf4 27.d5 Be5 28.dxc6 Bxf5 29.Nd6 Bxd6 30.Qxd6 Rad8
31.Qc5 Bc8 32.Rg1  1-0

[Event "III President's Cup"]
[Site "Baku AZE"]
[Date "2008.05.17"]
[Round "6"]
[White "Milov,V"]
[Black "Najer,E"]
[Result "0-1"]
[WhiteElo "2690"]
[BlackElo "2627"]

1.d4 d5 2.c4 c6 3.Nf3 Nf6 4.e3 Bg4 5.h3 Bh5 6.Nc3 e6 7.g4 Bg6 8.Ne5 Nbd7
9.h4 dxc4 10.Nxg6 hxg6 11.g5 Nd5 12.Bxc4 Bb4 13.Bd2 Qe7 14.Be2 O-O-O 15.Qc2 Kb8
16.a3 Ba5 17.b4 Bb6 18.Nxd5 cxd5 19.a4 e5 20.a5 Bc7 21.b5 exd4 22.exd4 Rc8
23.Qd3 Bd6 24.Rh3 Bb4 25.Kf1 Bxd2 26.Qxd2 Qe4 27.Bf3 Qf5 28.Kg2 Nf8 29.Rg3 Rxh4
30.a6 b6 31.Qb4 Qd7 32.Rc1 Rxc1 33.Qxf8+ Rc8 34.Qxg7 Qe6 35.Bd1 Qe4+ 36.Bf3 Qf5
37.Qe5+ Qxe5 38.dxe5 d4 39.Be2 Re4 40.Bd3 Rxe5 41.f4 Re7 42.Rh3 Rc3 43.Kf2 Kc7  0-1

[Event "XXIII Rapid Open"]
[Site "Villarrobledo ESP"]
[Date "2008.08.03"]
[Round "7"]
[White "Paunovic,D"]
[Black "Milov,V"]
[Result "1-0"]
[WhiteElo "2539"]
[BlackElo "2705"]

1.c4 g6 2.g3 Bg7 3.Bg2 Nf6 4.Nf3 O-O 5.O-O d6 6.d4 Nc6 7.Nc3 a6 8.h3 Rb8
9.Be3 Bd7 10.Rc1 b5 11.Nd2 e6 12.d5 Ne7 13.dxe6 fxe6 14.b3 Nf5 15.Bg5 h6
16.Bxf6 Qxf6 17.Nce4 Qd8 18.c5 d5 19.Nc3 b4 20.Na4 Bb5 21.c6 Nd4 22.Re1 Nxc6
23.Nf3 Qd6 24.Qc2 e5 25.e4 d4 26.Nb2 Rf6 27.Nc4 Qe7 28.Ncd2 h5 29.Qc5 Qd6
30.Qd5+ Kh8 31.Nc4 Qf8 32.Ncxe5 Nxe5 33.Nxe5 Rd8 34.Qc5 d3 35.Red1 Qe8 36.f4 h4
37.Qe3 Rfd6 38.Rxc7 Kg8 39.Rd2 Rc8 40.Rxc8 Qxc8 41.gxh4 Qd8 42.Qg3 Qf6 43.Qg5 Rd8
44.Kh2 Rf8 45.Kg3 Qb6 46.Nf3 Kh7 47.h5 Rf6 48.e5 Re6 49.Bf1 Bh6 50.Qh4 Qe3
51.Qg4 Qb6 52.Bxd3 Bxd3 53.Rxd3 gxh5 54.Rd7+ Kh8 55.Rd8+ Qxd8 56.Qxe6 Qf8
57.Qf6+ Qxf6 58.exf6 Kg8 59.Ng5 Bf8 60.Kh4 Bd6 61.f5 Be5 62.f7+ Kg7 63.Kxh5 Bf6
64.h4 Bc3 65.Kg4  1-0

[Event "24th ECC"]
[Site "Kallithea GRE"]
[Date "2008.10.17"]
[Round "1"]
[White "Milov,V"]
[Black "Dancevski,O"]
[Result "1-0"]
[WhiteElo "2681"]
[BlackElo "2421"]

1.d4 Nf6 2.c4 g6 3.Nc3 Bg7 4.e4 d6 5.Bg5 O-O 6.Qd2 c5 7.d5 a6 8.a4 Qa5 9.Ra3 e6
10.Nge2 Re8 11.Ng3 exd5 12.cxd5 Nbd7 13.Be2 Rb8 14.O-O Qc7 15.Bh6 Bh8 16.Rc1 b6
17.h3 Ra8 18.Qf4 Ra7 19.Qh4 Nf8 20.Bg5 N6d7 21.Nd1 Bd4 22.Rd3 Bg7 23.Rb3 b5
24.axb5 axb5 25.Ne3 b4 26.Ng4 Ba6 27.Bxa6 Rxa6 28.Nh6+ Bxh6 29.Bxh6 Qd8 30.Qf4 Qe7
31.Qd2 Rea8 32.Re3 Ra1 33.Nf1 f6 34.f4 Nb6 35.Ree1 Rxc1 36.Qxc1 Nfd7 37.Nh2 Ra2
38.Nf3 Ra8 39.Qd1 Kh8 40.Qd3 Ra5 41.e5 fxe5 42.fxe5 dxe5 43.d6 Qe8 44.Ng5 c4
45.Qg3 Nd5 46.Qh4 c3 47.bxc3 bxc3 48.Rf1 N7f6 49.Ne4 Nd7 50.Qe1 Ra8 51.Nxc3 Nxc3
52.Qxc3 Qe6 53.Qf3 Rd8 54.Qc6 Re8 55.Rb1 e4 56.Rb7 Qf6 57.Qxd7 Qd4+ 58.Kh2  1-0

[Event "24th ECC"]
[Site "Kallithea GRE"]
[Date "2008.10.19"]
[Round "3"]
[White "Eljanov,P"]
[Black "Milov,V"]
[Result "1-0"]
[WhiteElo "2720"]
[BlackElo "2681"]

1.d4 d5 2.c4 c6 3.Nf3 Nf6 4.Nc3 a6 5.a4 e6 6.Bg5 a5 7.e3 Na6 8.Be2 Be7 9.O-O O-O
10.Qb3 Nb4 11.Na2 Na6 12.Ne5 Ne4 13.Bxe7 Qxe7 14.Qc2 f6 15.Nf3 Bd7 16.Bd3 f5
17.Ne5 c5 18.cxd5 exd5 19.f3 Ng5 20.h4 Ne6 21.Bxf5 g6 22.Bxe6+ Bxe6 23.Qf2 Rac8
24.Rac1 Nb4 25.Nxb4 axb4 26.dxc5 Rxc5 27.Rxc5 Qxc5 28.Nd3 Qc4 29.Nf4 Bf7
30.Qd2 b3 31.Rc1 Qxa4 32.h5 gxh5 33.Nxd5 Qh4 34.Rd1 Rc8 35.Nc3 Qe7 36.Qd4 Rc6
37.e4 h4 38.e5 Bg6 39.f4 Qc5 40.Nd5 Kf7 41.Ne3 Qxd4 42.Rxd4 Rc1+ 43.Rd1 Rxd1+
44.Nxd1 Be4 45.Ne3 Kg6 46.Kh2 Kh5 47.Kh3 b5 48.e6 Bb7 49.e7 Bc8+ 50.g4+ hxg3
51.Kxg3 Bd7 52.Ng4  1-0

[Event "24th ECC"]
[Site "Kallithea GRE"]
[Date "2008.10.20"]
[Round "4"]
[White "Milov,V"]
[Black "Petersen,Stee1"]
[Result "1-0"]
[WhiteElo "2681"]
[BlackElo "2164"]

1.c4 Nf6 2.Nc3 e6 3.d4 Bb4 4.e3 c5 5.Bd3 Nc6 6.Ne2 cxd4 7.exd4 d5 8.cxd5 Nxd5
9.a3 Bd6 10.Ne4 Be7 11.Bc2 O-O 12.Qd3 Qc7 13.O-O Rd8 14.Ng5 g6 15.Bb3 Bf8
16.Ne4 Be7 17.Rd1 Bd7 18.Qf3 Be8 19.Bh6 f5 20.Ng5 Bf7 21.Nc3 Bf6 22.Rac1 Qd7
23.Nxd5 exd5 24.Nxf7 Qxf7 25.Rc5 Ne7 26.Rc7 Qe6 27.Rxb7 Qc6 28.Rb4 a5 29.Ba4 Qe6
30.Rb7 Rab8 31.Rxb8 Rxb8 32.Qc3 Qb6 33.b3 Rc8 34.Qe3 Qd6 35.h4 Kf7 36.Bf4 Qe6
37.Qd2 Qb6 38.Be5 Ng8 39.h5 g5 40.Bd7 Rd8 41.Bxf5  1-0